000 00673nam a2200277Ia 4500
005 20260324142952.0
008 008 260324s9999 xx 000 0 eng d
020 _a9781315003467
037 _aEBOOK
040 _aCRL
040 _beng
040 _cCRL
041 _2eng
041 _aeng
084 _qCRL
100 _aRichard Edwards; David Zeldin; Sandy Sieminski
_91213904
245 0 _aAdult Learners, Education and Training
260 _bTaylor and Francis
260 _c1993
365 _a
365 _b300
856 _uhttp://www.taylorfrancis.com/books/9781315003467
942 _cEBOOK
999 _c1818734
_d1818734